• 首页
  • 本馆介绍
  • 公告通知
  • 最新文献
  • 馆藏检索
  • 电子资源
  • 读者导购
  • 参考咨询
  • 我的图书馆
  • 登录
  • 详细信息显示
  • 放入我的书架
  • 预约/预借图书
  • 作者相关作品
  • 分类相关作品
  • 丛书相关作品
  • 出版社相关作品

书目信息

  • 表格格式
  • 工作单格式
  • 卡片格式
题名:
共享引爆价值
    
 
作者: 白万纲 著
分册:  
出版信息: 北京   金城出版社  2018
页数: 358页
开本: 24cm
丛书名:
单 册:
中图分类: F71
科图分类:
主题词: 商业模式--研究
电子资源:
ISBN: 978-7-5155-1525-0
000 01001nam0 2200229 450
001 012001004985
005 20140928161905.0
010    @a978-7-5155-1525-0@dCNY76.00
100    @a20180217d2018 em y0chiy50 ea
101 0  @achi
102    @aCN@b110000
105    @ay z 000yy
106    @ar
200 1  @a共享引爆价值@9gong xiang yin bao jia zhi@f白万纲著
210    @a北京@c金城出版社@d2018
215    @a358页@d24cm
330    @a全书分为价值创造、理论构建、集团实践三篇共计十章内容,系统阐述共享的发展脉络、共享对集团价值创造的作用、共享经济的利益相关方、共享经济的构建和运营思路、集团构建共享经济的优势与实践方法以及共享导向下的集团战略与管控等各个模块。通过本书,读者将从全局高度对共享经济的发展趋势产生直观的认知,从操作层面掌握共享经济模式创新方法,同时可以借鉴到集团型企业发展共享经济应当如何搭建战略和管控体系等一系列典型经验。
606 0  @a商业模式@x研究
690    @aF71@v5
701  0 @a白万纲@9bai wan gang@4著
801  0 @aCN@b上海新华@c20180901
905    @b1172064-8@dF71@e1100@f5
    
    共享引爆价值/白万纲著.-北京:金城出版社,2018
    358页;24cm
    
    
    ISBN 978-7-5155-1525-0:CNY76.00
    全书分为价值创造、理论构建、集团实践三篇共计十章内容,系统阐述共享的发展脉络、共享对集团价值创造的作用、共享经济的利益相关方、共享经济的构建和运营思路、集团构建共享经济的优势与实践方法以及共享导向下的集团战略与管控等各个模块。通过本书,读者将从全局高度对共享经济的发展趋势产生直观的认知,从操作层面掌握共享经济模式创新方法,同时可以借鉴到集团型企业发展共享经济应当如何搭建战略和管控体系等一系列典型经验。
●
相关链接 在E读中查询图书 在五车中查询图书 在当当中查询图书 在豆瓣中查询图书


正题名:共享引爆价值     索取号:F71/1100         预约/预借

序号 登录号 条形码 馆藏地/架位号 状态 备注
1 1172064   211720645   第一样本阅览室/ [索取号:F71/1100] 在馆    
2 1172065   211720654   密集书库-海洋学院/ [索取号:F71/1100] 在馆    
3 1172066   211720663   第一借阅区/ [索取号:F71/1100] 在馆    
4 1172067   211720672   第一借阅区/ [索取号:F71/1100] 在馆    
5 1172068   211720681   第一借阅区/ [索取号:F71/1100] 在馆    
唐山师范学院图书馆 欢迎您!
大连网信软件有限公司© 版权所有